|
|
|
|
| LEADER |
00000nab#a22000007a#4500 |
| 001 |
arbauad029164 |
| 003 |
AR-BaUAD |
| 005 |
20250711112349.0 |
| 008 |
971114|||||||||###||||||b###|0###a|spa|| |
| 040 |
|
|
|a AR-BaUAD
|c AR-BaUAD
|b spa
|
| 245 |
1 |
0 |
|a Akademie Industriële Vormgeving Eindhoven
|
| 300 |
0 |
|
|b fot.
|
| 653 |
|
|
|a PAISES BAJOS
|
| 653 |
|
|
|a EINDHOVEN
|
| 653 |
|
|
|a UNIVERSIDADES
|
| 653 |
|
|
|a AKADEMIE INDUSTRIELE VORMGEVING
|
| 653 |
|
|
|a PEDAGOGIA
|
| 653 |
|
|
|a METODOLOGIA
|
| 653 |
|
|
|a LUCASSEN, JAN
|
| 653 |
|
|
|a ROS, GUUS
|
| 653 |
|
|
|a MORITZ, ULF
|
| 653 |
|
|
|a HAYE, FRANS DE LA
|
| 653 |
|
|
|a DISEÑO INDUSTRIAL
|
| 773 |
0 |
|
|t INTERNI
|g no. 450 [mayo 1995], p. 153-160
|
| 942 |
|
|
|c ARTI
|
| 952 |
|
|
|0 0
|1 0
|4 0
|7 0
|9 74083
|a AR-BAuAD
|b AR-BAuAD
|d 2025-07-11
|l 0
|p AAQA029164
|r 2025-07-11 11:23:49
|w 2025-07-11
|y ARTI
|
| 990 |
|
|
|a DI199
|b TD
|
| 998 |
|
|
|a AAQ
|b BIBUN76
|
| 999 |
|
|
|c 53756
|d 53756
|